000 00601nam a22001817a 4500
005 20240202064943.0
008 240202b |||||||| |||| 00| 0 eng d
020 _a9780702178870
041 _aEnglish
082 _a346.3 COO
100 _aHoctor, SV
_lEnglish
245 _aCooper's Motor Law :
_bCriminal Liability Administrative Adjudication and Medico-legal aspects /
_cSV Hoctor
250 _aSecond Edition
260 _aCape Town :
_bJuta and Company Ltd,
_c2008
300 _bxvii,
_c27 pages ;
650 _aLegal practice
_bLaw
942 _cBK
_6ALISON_BN_VRIES
999 _c1328
_d1328